| 000 | 00497nac a22001451u 4500 | ||
|---|---|---|---|
| 008 | 080826s ua|||||r|||| 000 0 ara d | ||
| 082 |
_a142.7 _bب د و |
||
| 245 |
_aدراسا ت فى الفلسفة الوجودية/ _cعبد الرحمن بدوى |
||
| 250 | _aط2 | ||
| 260 |
_aالقاهرة: _bمكتبة النهضة المصرية،1966 _c1966. |
||
| 300 |
_a263 ؛ص _c24 سم |
||
| 511 | _aCatalogued by: Sara | ||
| 541 |
_aألف باء; _cشراء; |
||
| 942 |
_cBB _k142.7ب د و _2ddc |
||
| 999 |
_c5936 _d5936 |
||